| 000 | 00803cab a22001935a 4500 | ||
|---|---|---|---|
| 001 | L154973 | ||
| 008 | 120213s2012 xxk 000 0 eng d | ||
| 035 | _a(Sirsi) u154973 | ||
| 041 | 0 | _aeng | |
| 100 | 1 | _aBoettcher, Walter | |
| 245 | 0 | 0 | _aIndiscriminate havens and specialist sectors |
| 260 | _c2012 | ||
| 490 | 0 |
_aSustainablebuilding inc Propertyforecast _v(61) January 2012, 12-13(2) |
|
| 520 | _aWith UK investors being squeezed out of the main commercial investment areas by foreign interests, recommends looking at specialist property sectors such as automotive and roadside, healthcare, hotels, licensed and leisure, and recreational, as potential investment targets for UK investors. | ||
| 590 | _aKA | ||
| 651 | 4 |
_aUnited Kingdom _y |
|
| 690 |
_aCommercial property _96227 |
||
| 942 | _n0 | ||
| 999 |
_c83767 _d83767 |
||